000 00993nam a22003017a 4500
001 BR7304847
003 BR-BrBNA
005 20230928084050.0
007 ta
008 230509b bl.||||| |||| 00| 0 por d
040 _aBR-BrBNA
_bpor
_cBiblioteca Nacional de Agricultura
041 _aPt
072 _aD50
_b9320
_b9924
_b9390
_b8961
_b/G514
090 _ 9320 BR7304847
100 1 _aVelloso, L. (comp.)
110 1 _aInstituto do Acucar e do Alcool, Rio de Janeiro, GB (Brasil)
_96295
245 1 _aColetanea da legislacao federal sobre acucar, rapadura, alcool, aguardente, petroleo, gazolina, direitos aduaneiros [Brasil]
260 3 _aRio de Janeiro, GB (Brasil):
_c1940.
300 _a592 p.
500 _a(*) Documento disponível no(a) Instituto do Acucar e do Alcool, Rio de Janeiro, RJ (Brazil)
650 _aACUCAR
650 _aAGUARDENTE
650 _aALCOOL
650 _aRAPADURA
650 _aLEGISLACAO
909 _a202309
_bLucia
_c55
_dLucia Elande
942 _cBK
999 _c16651
_d16651